000 00382nam a22001577a 4500
003 MPLRDC
005 20220104143343.0
008 210129b ||||| |||| 00| 0 eng d
082 _a857.63 CKL v.57 c.4
100 _a岑凯伦
245 _a一生一誓
_c
260 _a
_b环球出版社
_c
300 _b
650 _a短篇小说--别集
942 _cBK
_o857.63 CKL v.57 c.4
999 _c39083
_d39073